| 000 | 00514nam a2200205Ia 4500 | ||
|---|---|---|---|
| 999 |
_c3463 _d3463 |
||
| 020 | _a81-7649-280-9 | ||
| 082 | _a301 SMI-C | ||
| 100 | _aSmith, Mark J. | ||
| 245 | 0 | _aCulture: Reinventing the social sciences | |
| 260 |
_aNew Delhi _bViva Books _c2002 |
||
| 300 | _a148p. | ||
| 440 | _aConcepts in the Social Sciences | ||
| 504 | _aIncludes index | ||
| 650 | _aCulture | ||
| 650 | _aCivilization | ||
| 650 | _aSociology of culture | ||
| 650 | _aSocial sciences | ||
| 700 | _aParkin, Frank | ||
| 942 | _cBK | ||